Canciones de David Bowie - ¡muerte súbita! - Estadísticas

Estadísticas generales
  • Esta prueba ha sido intentada 69 veces
    47 desde el último reinicio
  • La puntuación promedio es 10 de 20
Answers on the Grid
Answers color-coded by a green-red scale on the quiz's grid according to % correct below.
All Dead, All Dead
Ashes To Ashes
Blue Jean
China Girl
Diamond Dogs
Funk To Funky
Good Company
Heroes
John, I’m Only Dancing
Lady Stardust
Lazarus
Let's Dance
Life On Mars?
Life On Mercury?
Love Kills
Love Of My Life
Major Tom
Modern Love
Moonage Daydream
My Fairy King
Paranoid
Queen Bitch
Rebel Rebel
Rebellion
Somebody To Love
Space Oddity
Starman
Superstar
The Jean Genie
The Man Who Sold The World
The Prophet's Song
Valentine's Day
Ziggy Stardust
 
Estadísticas de respuestas
Respuesta % Correcto
Life On Mars?
84%
Heroes
74%
Ashes To Ashes
68%
China Girl
68%
Let's Dance
63%
Ziggy Stardust
63%
Space Oddity
58%
Starman
58%
The Man Who Sold The World
58%
Lady Stardust
53%
Modern Love
53%
Rebel Rebel
53%
Lazarus
47%
Moonage Daydream
42%
Blue Jean
37%
The Jean Genie
32%
Diamond Dogs
26%
John, I’m Only Dancing
26%
Queen Bitch
26%
Valentine's Day
0%
No se encontraron pruebas coincidentes
Distribución de puntuación
Porcentaje de gente con cada puntuación
Porcentaje por número respondido
Historial de tus puntuaciones
No has intentado esta prueba desde el último reinicio